Number theory 1 : (Record no. 29593)
[ view plain ]
| 000 -LEADER | |
|---|---|
| fixed length control field | 00755 a2200205 4500 |
| 020 ## - INTERNATIONAL STANDARD BOOK NUMBER | |
| International Standard Book Number | 082180863X |
| 020 ## - INTERNATIONAL STANDARD BOOK NUMBER | |
| International Standard Book Number | 9780821808634 |
| 082 ## - DEWEY DECIMAL CLASSIFICATION NUMBER | |
| Classification number | 512.7 |
| 090 ## - LOCALLY ASSIGNED LC-TYPE CALL NUMBER (OCLC); LOCAL CALL NUMBER (RLIN) | |
| -- | 974 |
| -- | 974 |
| 100 1# - MAIN ENTRY--PERSONAL NAME | |
| Personal name | Kato, Kazuya. |
| 245 10 - TITLE STATEMENT | |
| Title | Number theory 1 : |
| Remainder of title | fermat's dream / |
| Statement of responsibility, etc. | Kazuya Kato, Nobushige Kurokawa, Takeshi Saito. |
| 260 ## - PUBLICATION, DISTRIBUTION, ETC. | |
| Place of publication, distribution, etc. | [S.l.] : |
| Name of publisher, distributor, etc. | American Mathematical Society, |
| Date of publication, distribution, etc. | 2000. |
| 300 ## - PHYSICAL DESCRIPTION | |
| Extent | 154 p. ; |
| Dimensions | 22 cm. |
| 490 1# - SERIES STATEMENT | |
| Series statement | Translations of mathematical monographs) (vol 1. |
| 700 1# - ADDED ENTRY--PERSONAL NAME | |
| Personal name | Kurokawa, Nobushige. |
| 700 1# - ADDED ENTRY--PERSONAL NAME | |
| Personal name | Saito, Takeshi. |
| 830 #0 - SERIES ADDED ENTRY--UNIFORM TITLE | |
| Uniform title | Translations of mathematical monographs) (vol 1. |
| 942 ## - ADDED ENTRY ELEMENTS (KOHA) | |
| Institution code [OBSOLETE] | SNS |
| Koha item type | Book |
| Call number prefix | 512.7 KAT |
| Withdrawn status | Lost status | Damaged status | Not for loan | Permanent Location | Current Location | Date acquired | Total Checkouts | Full call number | Barcode | Date last seen | Price effective from | Koha item type |
|---|---|---|---|---|---|---|---|---|---|---|---|---|
| School of Natural Sciences (SNS) | School of Natural Sciences (SNS) | 05/26/2016 | 512.7 KAT | SNS0001150 | 05/26/2016 | 05/26/2016 | Book |
